00914nab a2200193 i 4500001000700000003000900007005001700016008004100033100002600074245015700100610003800257651003700295710003900332740003600371773021700407856006300624942001400687999001900701190386ES-MaACL20250704062551.0210120s1996 sp 000 0 spa d1 aMallo, Tomás97581813aEl impacto del 98 en América y Europa : bética y política a finales del siglo XIX : el Ateneo de Madrid ante el 98 / cTomás Mallo Gutiérrez.24aAteneo de Madrid-vHistoria91925 4aEspaña-xHistoria-y1898982722 aFundación Gustavo Bueno.922701132aEl Ateneo de Madrid ante el 98.0 w(SpMaBN)1934390(SpMaBN)19343992854tEl Basilisco : revista de filosofía, ciencias humanas, teoría de la ciencia y de la cultura,dOviedo : Fundación Gustavo Bueno, xISSN 0210-0088,g1996, n. 21, p. 49-51 uhttps://filosofia.org/rev/bas/bas22119.htmyTexto completo cANAB2udc c190386d190386